О восстановлении в правах гражданства Сушкина С. А.

Доступно только в Электронных читальных залах Найти на картеНа карте
RUSMARC
00004485nmc2a22003133x 450
001e91216f5-3413-4082-9c35-e61d887b72d9
00520211224171745.0
100##$a20211217l1924 k y0rusy50 ca
1010#$arus
102##$aRU
105##$ay z |||||
1220#$ad19241231
2001#$aО восстановлении в правах гражданства Сушкина С. А.
$j1924
215##$a7 листов
$cфот.
251##$cДело
300##$aЗаголовок дела на папке: Сушкин Семен Архипович (Болгария). О восстановлении в правах гражданства
300##$aНа папке дела: 19 марта 1924 г. - 10 июля 1924 г.
300##$aВ деле обратная нумерация листов
300##$aЛист: 4 - пришиты 2 (две) фотографии
300##$aМашинописный и рукописный текст
330##$aВходит в раздел описи: Индивидуальные заявления
461#0$1001796d4672-8a00-4986-b488-6e42273792cc
$12001
$aЦЕНТРАЛЬНЫЙ ИСПОЛНИТЕЛЬНЫЙ КОМИТЕТ СССР (ЦИК СССР)
$1251
$cФонд
$1852
$j3316
$gР
462#0$10019b37ce3b-cf5a-4e83-90b2-84b029570c85
$12001
$aПостановления, протоколы и выписки из протоколов заседаний Президиума ЦИК СССР по вопросам приема, выхода, лишения гражданства СССР. 1923-1938 гг.
$vД. 572
$1251
$cОпись
$1852
$j14
5171#$aСушкин Семен Архипович (Болгария). О восстановлении в правах гражданства
600#1$aСушкин
$bС. А.
$gСемен Архипович
60101$3RU\NLR\AUTH\880357276
$aСССР
$bЦИК
801#0$aRU
$bGA_RF
801#1$aRU
$bГлавНИВЦ
$c20211217
$2rusmarc
801#2$aRU
$bПБ им. Б.Н. Ельцина
$c20211224
$gRCR
$2rusmarc
852##$aГА РФ
$j572
937##$d172127466
$hГАРФ
035##$aRuPRLIB51063425
856##$uhttp://readingroom.main.prlib.ru/item.aspx?id_node=n172127466&mode=full
Формат отображения